00252nam a2200085 a 450000500170000000800410001705000220005824500350008026000510011520140414132115.0110826s19uu xx 00 eng d aM 398.2bT71 1999 aBest-loved children's stories. aIllinois :bPublications International,c1999.